Soprannomi squadre di calcio - Italia - Quiz n°3 - Statistics

Statistiche generali
  • Questo quiz è stato fatto 333 volte
  • Il punteggio medio è 7 su 10
Statistiche sulle risposte
Hint Risposta % Corretto
La maggica Roma
97%
I granata Torino
95%
Il Diavolo Milan
92%
Casteddu Cagliari
89%
I galletti Bari
79%
I crociati Parma
64%
Gli aquilotti Spezia
61%
I pitagorici Crotone
59%
Gli scaligeri Hellas Verona
58%
I grifoni Perugia
55%
Nessun quiz corrispondente trovato
Distribuzione punteggi
Percentuale di utenti per punteggio
Percentile per numero di risposta
I tuoi punteggi nel tempo
Non hai fatto questo quiz